000 00582nam a22001811a 4500
020 _c0.00
040 _aNEGST Library - Kenya
050 _aBS 325.B77 1978
100 _aBible Society of Kenya
245 _aWold'aqisa haraa : afaan boranatiin t'aa
_h[Text]
260 _aNairobi
_bThe Bible Society of ken
_cc1978
300 _a432 p.;
500 _a"The New Testament in Boran" - T.P. verso [Africana]
600 _aBible N.T. - Boran, 1978
600 _aBoran Language - Texts
852 _929.00
999 _c44148
_d44124